<?xml version="1.0" encoding="UTF-8"?>
<record
    xmlns:xsi="http://www.w3.org/2001/XMLSchema-instance"
    xsi:schemaLocation="http://www.loc.gov/MARC21/slim http://www.loc.gov/standards/marcxml/schema/MARC21slim.xsd"
    xmlns="http://www.loc.gov/MARC21/slim">

  <leader>01261cam a2200289 i 4500</leader>
  <controlfield tag="003">SA-RiAUC</controlfield>
  <controlfield tag="005">20250710070700.0</controlfield>
  <controlfield tag="008">250529s1984    su     g i    00000 ara c</controlfield>
  <datafield tag="040" ind1=" " ind2=" ">
    <subfield code="a">SA-RiKSU</subfield>
    <subfield code="b">ara</subfield>
    <subfield code="c">SA-RiAUC</subfield>
    <subfield code="e">rda</subfield>
  </datafield>
  <datafield tag="041" ind1="1" ind2=" ">
    <subfield code="a">ara</subfield>
    <subfield code="h">fre</subfield>
  </datafield>
  <datafield tag="082" ind1="0" ind2="4">
    <subfield code="a">221.3</subfield>
  </datafield>
  <datafield tag="090" ind1=" " ind2=" ">
    <subfield code="a"> 221.3 </subfield>
    <subfield code="b">  &#x644; &#x627; &#x628;</subfield>
  </datafield>
  <datafield tag="100" ind1="1" ind2=" ">
    <subfield code="a">&#x644;&#x627;&#x628;&#x648;&#x645;&#x60C; &#x62C;&#x648;&#x644;&#x60C;</subfield>
    <subfield code="d">1806-1875</subfield>
    <subfield code="e">&#x645;&#x624;&#x644;&#x641;.</subfield>
  </datafield>
  <datafield tag="245" ind1="1" ind2="0">
    <subfield code="a">&#x62A;&#x641;&#x635;&#x64A;&#x644; &#x622;&#x64A;&#x627;&#x62A; &#x627;&#x644;&#x642;&#x631;&#x622;&#x646; &#x627;&#x644;&#x643;&#x631;&#x64A;&#x645; /</subfield>
    <subfield code="c">&#x648;&#x636;&#x639;&#x647; &#x628;&#x627;&#x644;&#x641;&#x631;&#x646;&#x633;&#x64A;&#x629; &#x62C;&#x648;&#x644; &#x644;&#x627;&#x628;&#x648;&#x645;. &#x648;&#x64A;&#x644;&#x64A;&#x647; &#x627;&#x644;&#x645;&#x633;&#x62A;&#x62F;&#x631;&#x643; / &#x648;&#x636;&#x639;&#x647; &#x625;&#x62F;&#x648;&#x627;&#x631;&#x62F; &#x645;&#x648;&#x646;&#x62A;&#x64A;&#x647; &#x61B; &#x646;&#x642;&#x644;&#x647;&#x627; &#x625;&#x644;&#x649; &#x627;&#x644;&#x639;&#x631;&#x628;&#x64A;&#x629; &#x645;&#x62D;&#x645;&#x62F; &#x641;&#x624;&#x627;&#x62F; &#x639;&#x628;&#x62F; &#x627;&#x644;&#x628;&#x627;&#x642;&#x64A;.</subfield>
  </datafield>
  <datafield tag="264" ind1=" " ind2="1">
    <subfield code="a">&#x62C;&#x62F;&#x629;&#x60C; &#x627;&#x644;&#x633;&#x639;&#x648;&#x62F;&#x64A;&#x629; :</subfield>
    <subfield code="b">&#x62F;&#x627;&#x631; &#x627;&#x644;&#x642;&#x628;&#x644;&#x629; &#x644;&#x644;&#x62B;&#x642;&#x627;&#x641;&#x629; &#x627;&#x644;&#x625;&#x633;&#x644;&#x627;&#x645;&#x64A;&#x629;&#x60C;</subfield>
    <subfield code="c">1984</subfield>
  </datafield>
  <datafield tag="300" ind1=" " ind2=" ">
    <subfield code="a">675 &#x635;&#x641;&#x62D;&#x629; &#x61B;</subfield>
    <subfield code="c">28 &#x633;&#x645;</subfield>
  </datafield>
  <datafield tag="336" ind1=" " ind2=" ">
    <subfield code="a">&#x646;&#x635;</subfield>
    <subfield code="b">txt</subfield>
    <subfield code="2">rdacontent</subfield>
    <subfield code="3">&#x643;&#x62A;&#x627;&#x628;</subfield>
  </datafield>
  <datafield tag="337" ind1=" " ind2=" ">
    <subfield code="a">&#x628;&#x62F;&#x648;&#x646; &#x648;&#x633;&#x64A;&#x637;</subfield>
    <subfield code="b">n</subfield>
    <subfield code="2">rdamedia</subfield>
  </datafield>
  <datafield tag="338" ind1=" " ind2=" ">
    <subfield code="a">&#x645;&#x62C;&#x644;&#x62F;</subfield>
    <subfield code="b">nc</subfield>
    <subfield code="2">rdacarrier</subfield>
  </datafield>
  <datafield tag="562" ind1=" " ind2=" ">
    <subfield code="a">&#x645;&#x635;&#x648;&#x631;&#x629; &#x639;&#x646; &#x637;. 2 : &#x627;&#x644;&#x642;&#x627;&#x647;&#x631;&#x629;&#x60C; 1955.</subfield>
  </datafield>
  <datafield tag="630" ind1="2" ind2="7">
    <subfield code="a">&#x627;&#x644;&#x642;&#x631;&#x622;&#x646;</subfield>
    <subfield code="v">&#x643;&#x634;&#x627;&#x641;&#x627;&#x62A;</subfield>
    <subfield code="2">aucut</subfield>
  </datafield>
  <datafield tag="700" ind1="1" ind2=" ">
    <subfield code="a">&#x639;&#x628;&#x62F; &#x627;&#x644;&#x628;&#x627;&#x642;&#x64A;&#x60C; &#x645;&#x62D;&#x645;&#x62F; &#x641;&#x624;&#x627;&#x62F;&#x60C;</subfield>
    <subfield code="d">1882-1968</subfield>
    <subfield code="e">&#x645;&#x639;&#x631;&#x628;.</subfield>
  </datafield>
  <datafield tag="700" ind1="1" ind2="2">
    <subfield code="a">&#x645;&#x648;&#x646;&#x62A;&#x64A;&#x647;&#x60C; &#x625;&#x62F;&#x648;&#x627;&#x631;&#x60C;</subfield>
    <subfield code="d">1856-1934.</subfield>
    <subfield code="t">&#x627;&#x644;&#x645;&#x633;&#x62A;&#x62F;&#x631;&#x643;.</subfield>
  </datafield>
  <datafield tag="740" ind1="2" ind2="2">
    <subfield code="a">&#x627;&#x644;&#x645;&#x633;&#x62A;&#x62F;&#x631;&#x643;.</subfield>
  </datafield>
  <datafield tag="942" ind1=" " ind2=" ">
    <subfield code="2">ddc</subfield>
    <subfield code="c">BOOK</subfield>
    <subfield code="n">0</subfield>
  </datafield>
  <datafield tag="949" ind1=" " ind2=" ">
    <subfield code="a">SA-JeALM</subfield>
    <subfield code="d">250529</subfield>
    <subfield code="u">osman123</subfield>
    <subfield code="n">1</subfield>
  </datafield>
  <datafield tag="952" ind1=" " ind2=" ">
    <subfield code="0">0</subfield>
    <subfield code="1">0</subfield>
    <subfield code="2">ddc</subfield>
    <subfield code="4">0</subfield>
    <subfield code="7">0</subfield>
    <subfield code="a">WAHAB</subfield>
    <subfield code="b">WAHAB</subfield>
    <subfield code="d">2025-07-10</subfield>
    <subfield code="l">0</subfield>
    <subfield code="o"> 221.3 &#x644; &#x627; &#x628;</subfield>
    <subfield code="p">000015782</subfield>
    <subfield code="r">2025-07-10 07:07:19</subfield>
    <subfield code="w">2025-07-10</subfield>
    <subfield code="y">BOOK</subfield>
  </datafield>
  <datafield tag="999" ind1=" " ind2=" ">
    <subfield code="c">9718</subfield>
    <subfield code="d">9718</subfield>
  </datafield>
</record>
